00951nam a2200193Ia 4500008004100000020001500041050002000056100003700076245006300113250001700176260005400193300003500247490003200282500005900314504003300373505028300406650002700689650004100716120626s2002 mx a 000 0 spa d a9681666607 aQB335bV53 2002 aCastrillón, Laura Vianaeautor aMemoria natural y artificialc / Laura Viana, Castrillón a4a edición aMéxico b: Fondo de Cultura Económicac, 2002 a151 páginasb: ilustraciones aLa ciencia para todosv: 88 aIncluye Prólogo (pp. 7-8), Introducción (pp. 9-20) aBibliografía (pp. 149-151) aHistoria de la computación Principios de operación de las computadoras actuales Sistemas de archivo y búsqueda de información El hombre y las máquinas "pensantes" El cerebro y la mente Memoria y aprendizaje Materiales magnéticos Computadoras neuronales 0aCOMPUTADORASxHISTORIA 0aPROCESAMIENTO ELECTRÓNICO DE DATOS